Science Quiz

Random Science Quiz

Human and Plant Cells Quiz Stats

 Plays Quiz not verified by Sporcle

Also try: Arboreal Animals
Challenge
Share
Tweet
Embed
Score 0/13 Timer 05:00
0 Plays Today
% Correct
Sperm
46.7%
Root hair
43.3%
Nucleus
40%
Nerve
36.7%
Egg
33.3%
Cell wall
33.3%
Cytoplasm
30%
Muscle
26.7%
Chloroplasts
23.3%
Ciliated epithelial
20%
Pollen
10%
Cell surface membrane
10%
Central vacuole
0%

You're not logged in!

Compare scores with friends on all Sporcle quizzes.
OR
Log In

You Might Also Like...

Show Comments

Extras

Created May 30, 2012ReportNominate
Tags:cell, human, key, Plants

Top Quizzes Today


Score Distribution

Your Account Isn't Verified!

In order to create a playlist on Sporcle, you need to verify the email address you used during registration. Go to your Sporcle Settings to finish the process.

Report this User

Report this user for behavior that violates our Community Guidelines.

Details: